Atalanta all time starting xi - Statistics

General Stats
  • This quiz has been taken 51 times
  • The average score is 6 of 11
Answer Stats
Hint Answer % Correct
FW(Slovenia Josip Iličić
96%
MF(Netherlands Marten de Roon
93%
FW(Colombia Duván Zapata
91%
MF(Argentina Papu Gómez
91%
DF(Italy Rafael Toloi
59%
FW(Italy Cristiano Doni
46%
MF(Sweden Glenn Strömberg
41%
DF(Italy Gianpaolo Bellini
37%
GK(Italy Fabrizio Ferron
20%
DF(Italy Massimo Carrera
15%
DF(Italy Cristian Zenoni
9%
No matching quizzes found
Score Distribution
Percent of People with Each Score
Percentile by Number Answered
Your Score History
You have not taken this quiz